[Event "448. Wednesday (05.08.2020)"]
[Site "Official B"]
[Date "2020.08.05"]
[Round "2"]
[White "mehrdadahouran"]
[Black "Schaumi"]
[Result "1-0"]
[WhiteElo "2219"]
[BlackElo "1755"]
[Annotator "TA"]
[PlyCount "143"]
[EventDate "2020.08.05"]
[EventType "swiss (blitz)"]

{[%evp 9,143,-2,0,-24,-27,-93,-14,-20,7,8,8,-26,3,-29,-27,0,-5,-8,18,-65,-11,-13,-6,-57,-58,-56,-63,-137,-52,-56,-24,-41,-27,-21,0,-14,-22,-28,0,-36,-23,-37,-7,-57,-58,-103,-74,-195,-190,-178,-168,-283,-281,-325,-329,-361,-362,-371,-371,-381,-378,-383,0,-367,0,-356,-333,-333,-332,-351,-332,-354,-323,-376,-340,-393,-393,-383,-339,-359,-340,-401,-381,-575,-567,-547,-440,-514,-447,-454,-452,-513,-499,-555,-560,-541,-531,-738,-456,-450,-449,-558,-539,-614,-239,-233,-230,-191,-8,-189,-8,-8,8,0,8,8,11,11,9,9,9,9,9,9,16,16,16,0,10,10,10,10,10,10,10,10]} 1. d4 Nf6 2. c4 e6 3. g3 d5 4. Bg2 Be7 5. Nc3 O-O 6. Bg5 {E06: Closed Catalan: Early deviations.} dxc4 {[#]} 7. Qa4 $146 (7. Nf3 $11 {keeps the balance.}) ({Predecessor:} 7. e4 Nc6 8. Nge2 Nxe4 9. Bxe7 Nxc3 10. Bxd8 Nxd1 11. Bxc6 bxc6 12. Be7 Re8 13. Ba3 Nxb2 14. Bxb2 {½-½ (48) Zirlik,R (1937)-Wehr,J (1713) Heusenstamm 2015}) 7... a6 (7... Qxd4 $17 {Strongly threatening ...Bd7.} 8. Nf3 Qc5 9. Bxf6 Bxf6) 8. Qxc4 $11 b5 9. Qd3 Ra7 10. Rd1 Bb7 11. Nf3 Nbd7 12. O-O c5 13. dxc5 Nxc5 14. Qb1 (14. Qxd8 $11 Rxd8 15. Rxd8+ Bxd8 16. Be3) 14... Qc8 (14... Qa8 $15 15. a3 Nce4 16. Nxe4 Bxe4) 15. Be3 Ra8 16. Nh4 (16. Bd4 $11) 16... Bxg2 $15 17. Nxg2 Qb7 18. b4 ({White should try} 18. Rc1 $15) 18... Nce4 (18... Ncd7 $1 $17 19. Rd4 Rfc8) 19. Nxe4 Qxe4 (19... Nxe4 {seems wilder.} 20. Rd4 Nc3 21. Qd3 Nd5 22. Qe4 Rfb8) 20. a3 Qxb1 21. Rxb1 Rac8 22. Rbc1 Nd5 23. Bd4 Bf6 24. Bc5 Rfd8 25. Rc2 Nc3 26. Rfc1 Na4 $1 27. Rb1 Bd4 $36 {[%mdl 2048] Keeping White busy.} 28. Rbc1 (28. Ne1 $17 {was called for.} Nxc5 29. Rbc1) 28... Bb2 $1 $19 {[%cal Rb2a3]} 29. Rb1 Bxa3 30. Nf4 (30. Ne1 {is a better defense.}) 30... Nxc5 31. bxc5 Rxc5 32. Ra2 b4 33. Nd3 Rc4 34. Ne5 Rc3 35. Nd3 Rc4 36. Ne5 Rc5 37. Nd3 Rb5 38. Kg2 f6 39. h4 e5 40. f3 Rc8 41. Kh2 Kf7 42. g4 Ke6 43. Kg2 g6 44. Kf2 f5 45. Ke3 Rc3 46. Kd2 (46. h5 $142) 46... fxg4 47. fxg4 Rc4 48. Nf2 Rd4+ 49. Ke3 Rc5 50. Rb3 Rcc4 51. h5 gxh5 52. gxh5 Rh4 53. Nd3 Rh3+ 54. Kd2 Rxh5 55. Ra1 Rd4 56. Rab1 e4 $2 (56... a5 57. Ra1 Rh3) 57. Ke3 {Hoping for Nf4+.} exd3 58. Kxd4 {[#]} dxe2 $2 {[%mdl 4096] Endgame KRR-KRB} ({Black should play} 58... d2 $1 $19 59. Rd1 a5) 59. Re1 $2 {[#]} (59. Re3+ $11 Kd6 60. Rxe2) 59... Rh2 $2 (59... Rh4+ $1 $19 60. Kd3 Kd5 61. Rxe2 a5) 60. Re3+ $11 {The position is equal.} Kd6 (60... Kf5 {is more complex.} 61. Re5+ Kf6 62. Ra5 Bb2+ 63. Kd3 Bc3) 61. R1xe2 Rxe2 62. Rxe2 {KR-KB} Kc6 63. Kc4 a5 64. Rh2 a4 65. Rh6+ Kd7 66. Rxh7+ Ke6 67. Ra7 b3 68. Rb7 b2 69. Kc3 Kd5 70. Kc2 Kc6 71. Ra7 Kb5 72. Ra8 {[%mdl 32768] Whites escaped into a draw. Accuracy: White = 53%, Black = 68%. . Loss on time!?} 1-0

[Event "448. Wednesday (05.08.2020)"]
[Site "Official B"]
[Date "2020.08.05"]
[Round "2"]
[White "Jhhonnyy"]
[Black "action26"]
[Result "1/2-1/2"]
[WhiteElo "2160"]
[BlackElo "1888"]
[Annotator "NA RC"]
[PlyCount "93"]
[EventDate "2020.08.05"]
[EventType "swiss (blitz)"]

1. d4 {[%emt 0:00:01]} Nf6 {[%emt 0:00:02]} 2. c4 {[%emt 0:00:02]} e6 {[%emt 0:00:01]} 3. g3 {[%emt 0:00:01]} Bb4+ {[%emt 0:00:13]} 4. Bd2 {[%emt 0:00:01]} Be7 {[%emt 0:00:02]} 5. Bg2 {[%emt 0:00:02]} d5 {[%emt 0:00:01]} 6. Nf3 {[%emt 0:00:01]} O-O {[%emt 0:00:02]} 7. O-O {[%emt 0:00:01]} c6 {[%emt 0:00:02]} 8. Qc2 {[%emt 0:00:02]} b6 {[%emt 0:00:02]} 9. Bf4 {[%emt 0:00:03]} Bb7 {[%emt 0:00:02]} 10. Nbd2 {[%emt 0:00:09]} Nbd7 {[%emt 0:00:02]} 11. e4 {[%emt 0:00:02]} dxe4 {[%emt 0:00:03]} 12. Nxe4 {[%emt 0:00:00]} Nxe4 {[%emt 0:00:01]} 13. Qxe4 {[%emt 0:00:00]} Nf6 {[%emt 0:00:01]} 14. Qe2 {[%emt 0:00:00]} Rc8 {[%emt 0:00:01]} 15. Rad1 {[%emt 0:00:04]} c5 {[%emt 0:00:03]} 16. dxc5 {[%emt 0:00:04]} Qe8 {[%emt 0:00:04]} 17. cxb6 {[%emt 0:00:02]} axb6 {[%emt 0:00:02]} 18. b3 {[%emt 0:00:01]} Nh5 {[%emt 0:00:11]} 19. Be3 {[%emt 0:00:10]} Bc5 {[%emt 0:00:02]} 20. Bxc5 {[%emt 0:00:18]} bxc5 {[%emt 0:00:02]} 21. Ne5 {[%emt 0:00:04]} Bxg2 {[%emt 0:00:03]} 22. Kxg2 {[%emt 0:00:00]} Nf6 {[%emt 0:00:01]} 23. a4 {[%emt 0:00:02]} Qe7 {[%emt 0:00:03]} 24. Qf3 {[%emt 0:00:03]} Rfd8 {[%emt 0:00:05]} 25. a5 {[%emt 0:00:06]} Qc7 {[%emt 0:00:06]} 26. Rxd8+ {[%emt 0:00:01]} Rxd8 {[%emt 0:00:02]} 27. Re1 {[%emt 0:00:12]} Qxa5 {[%emt 0:00:06]} 28. Nc6 {[%emt 0:00:04]} Qxe1 {[%emt 0:00:02]} 29. Nxd8 {[%emt 0:00:01]} Qe4 {[%emt 0:00:03]} 30. Nb7 {[%emt 0:00:07]} Qd4 {[%emt 0:00:16]} 31. b4 {[%emt 0:00:08]} cxb4 {[%emt 0:00:17]} 32. c5 {[%emt 0:00:01]} Nd5 {[%emt 0:00:02]} 33. c6 {[%emt 0:00:11]} Qc4 {[%emt 0:00:04]} 34. Nd8 {[%emt 0:00:16]} f6 {[%emt 0:00:49]} 35. Nxe6 {[%emt 0:00:47]} Qxc6 {[%emt 0:00:05]} 36. Nd4 {[%emt 0:00:01]} Qd6 {[%emt 0:00:07]} 37. Nf5 {[%emt 0:00:03]} Qe5 {[%emt 0:00:23]} 38. h4 {[%emt 0:00:04]} b3 {[%emt 0:00:04]} 39. g4 {[%emt 0:00:25]} b2 {[%emt 0:00:05]} 40. Qb3 {[%emt 0:00:01]} Qe4+ {[%emt 0:00:08]} 41. f3 {[%emt 0:00:23]} Qe2+ {[%emt 0:00:39]} (41... b1=Q 42. Ne7+ Qxe7 43. Qxd5+ Qf7 44. Qd8+ Qf8 45. Qd5+ Kh8) 42. Kg3 {[%emt 0:00:11]} Qe1+ {[%emt 0:00:02]} (42... Qe5+ 43. Kh3 Kh8) 43. Kh3 {[%emt 0:00:02]} Qf1+ {[%emt 0:00:01]} 44. Kg3 {[%emt 0:00:01]} Qg1+ {[%emt 0:00:02]} 45. Kh3 {[%emt 0:00:01]} Qh1+ {[%emt 0:00:02]} 46. Kg3 {[%emt 0:00:00]} Qg1+ {[%emt 0:00:01]} 47. Kh3 {[%emt 0:00:00]} 1/2-1/2

[Event "448. Wednesday (05.08.2020)"]
[Site "Official B"]
[Date "2020.08.05"]
[Round "2"]
[White "Black Pianist"]
[Black "Sadbat1122"]
[Result "1-0"]
[WhiteElo "2007"]
[BlackElo "1593"]
[Annotator "NA RC"]
[PlyCount "97"]
[EventDate "2020.08.05"]
[EventType "swiss (blitz)"]

1. c4 {[%emt 0:00:15]} e5 {[%emt 0:00:02]} 2. Nc3 {[%emt 0:00:01]} c6 {[%emt 0:00:02]} 3. d4 {[%emt 0:00:03]} exd4 {[%emt 0:00:02]} 4. Qxd4 {[%emt 0:00:00]} Nf6 {[%emt 0:00:02]} 5. e4 {[%emt 0:00:02]} c5 {[%emt 0:00:13]} 6. Qd1 {[%emt 0:00:03]} d6 {[%emt 0:00:02]} 7. f3 {[%emt 0:00:01]} a6 {[%emt 0:00:03]} 8. Bd3 {[%emt 0:00:02]} Nc6 {[%emt 0:00:02]} 9. Nge2 {[%emt 0:00:02]} Be7 {[%emt 0:00:03]} 10. Be3 {[%emt 0:00:02]} O-O {[%emt 0:00:05]} 11. O-O {[%emt 0:00:01]} Be6 {[%emt 0:00:04]} 12. a3 {[%emt 0:00:42]} Rb8 {[%emt 0:00:04]} 13. b3 {[%emt 0:00:04]} Ne5 {[%emt 0:00:06]} 14. Nf4 {[%emt 0:00:06]} Nxd3 {[%emt 0:00:06]} 15. Qxd3 {[%emt 0:00:02]} b5 {[%emt 0:00:03]} 16. Nxe6 {[%emt 0:00:05]} fxe6 {[%emt 0:00:04]} 17. cxb5 {[%emt 0:00:01]} axb5 {[%emt 0:00:04]} 18. Nxb5 {[%emt 0:00:01]} Qb6 {[%emt 0:00:02]} 19. a4 {[%emt 0:00:02]} Nd7 {[%emt 0:00:13]} 20. Rfd1 {[%emt 0:00:05]} Ne5 {[%emt 0:00:03]} 21. Qe2 {[%emt 0:00:06]} Rbd8 {[%emt 0:00:12]} 22. Rac1 {[%emt 0:00:02]} Qa5 {[%emt 0:00:06]} 23. Kh1 {[%emt 0:00:01]} Qb6 {[%emt 0:00:26]} 24. f4 {[%emt 0:00:06]} Ng6 {[%emt 0:00:06]} 25. g3 {[%emt 0:00:02]} e5 {[%emt 0:00:05]} 26. f5 {[%emt 0:00:02]} Nh8 {[%emt 0:00:06]} 27. Qc4+ {[%emt 0:00:04]} Nf7 {[%emt 0:00:03]} 28. b4 {[%emt 0:00:08]} Rc8 {[%emt 0:00:07]} 29. bxc5 {[%emt 0:00:02]} dxc5 {[%emt 0:00:02]} 30. Rd5 {[%emt 0:00:03]} Kh8 {[%emt 0:00:12]} 31. Rcd1 {[%emt 0:00:01]} Qa5 {[%emt 0:00:09]} 32. Kg2 {[%emt 0:00:05]} Ra8 {[%emt 0:00:05]} 33. Rd7 {[%emt 0:00:01]} Rae8 {[%emt 0:00:16]} 34. Ra7 {[%emt 0:00:14]} Nd6 {[%emt 0:00:11]} 35. Qd5 {[%emt 0:00:13]} Qb4 {[%emt 0:00:08]} 36. Nxd6 {[%emt 0:00:02]} Bxd6 {[%emt 0:00:02]} 37. Qxd6 {[%emt 0:00:03]} Qxe4+ {[%emt 0:00:02]} 38. Kf2 {[%emt 0:00:13]} Rxf5+ {[%emt 0:00:02]} 39. Ke2 {[%emt 0:00:01]} Qg2+ {[%emt 0:00:10]} 40. Kd3 {[%emt 0:00:05]} e4+ {[%emt 0:00:03]} 41. Kc3 {[%emt 0:00:03]} Qf3 {[%emt 0:00:09]} 42. Re1 {[%emt 0:00:10]} Rh5 {[%emt 0:00:17]} 43. Re7 {[%emt 0:00:08]} Rf8 {[%emt 0:00:08]} 44. Rxe4 {[%emt 0:00:06]} Qf7 {[%emt 0:00:14]} 45. Rf4 {[%emt 0:00:06]} Rf5 {[%emt 0:00:02]} 46. Ref1 {[%emt 0:00:05]} Qf6+ {[%emt 0:00:04]} 47. Qxf6 {[%emt 0:00:02]} R5xf6 {[%emt 0:00:04]} 48. Rxf6 {[%emt 0:00:02]} gxf6 {[%emt 0:00:01]} 49. Bxc5 {[%emt 0:00:01] Time (Lag: Av=0.70s, max=1.3s)} 1-0

[Event "448. Wednesday (05.08.2020)"]
[Site "Official B"]
[Date "2020.08.05"]
[Round "2"]
[White "Klausen"]
[Black "Tobilino"]
[Result "1-0"]
[WhiteElo "1973"]
[BlackElo "1839"]
[Annotator "TA"]
[PlyCount "139"]
[EventDate "2020.08.05"]
[EventType "swiss (blitz)"]

{[%evp 15,139,18,35,-14,19,5,37,34,25,20,59,59,62,63,72,67,71,65,70,62,60,-80,-77,-70,4,0,112,55,106,111,104,109,105,45,110,41,44,53,68,55,82,75,83,83,93,105,113,66,64,52,112,99,96,85,162,179,194,208,249,224,273,232,260,215,201,201,222,179,196,184,231,105,228,224,281,215,302,202,313,207,200,-25,206,0,120,85,168,163,176,193,262,102,816,804,1081,1087,887,944,1840,1854,1804,1721,1745,1652,6510,5593,29978,29978,29980,29982,29982,29983,29984,29985,29985,29986,29986,29987,29987,29988,29988,29989,29989,29990,29990,29991]} 1. Nf3 Nf6 2. d4 g6 3. c4 Bg7 4. Nc3 O-O 5. Bg5 d6 6. e3 h6 7. Bh4 c5 8. Be2 Nc6 9. Qd2 {[#] E61: King's Indian: Early deviations for White, including Smyslov System.} Bf5 $146 ({Predecessor:} 9... Qa5 10. O-O g5 11. Bg3 Nh5 12. a3 Nxg3 13. fxg3 g4 14. Nh4 cxd4 15. exd4 Nxd4 {0-1 (27) Landa,J-Palas,A Decin 1995}) 10. O-O Ne4 11. Nxe4 {White is slightly better.} Bxe4 12. d5 Na5 13. Rac1 $1 a6 14. Ne1 Rb8 15. f3 $36 {[%mdl 2048] White has the initiative.} Bf5 16. e4 Bd7 17. b3 b5 18. Bxe7 (18. Nd3 $1 $14 {keeps the upper hand.}) 18... Qxe7 $17 19. Qxa5 bxc4 (19... f5 $1 $15 20. Qd2 fxe4 21. fxe4 Bd4+ 22. Kh1 Qxe4) 20. Bxc4 $11 Bb5 (20... f5 $1 $11) 21. Qd2 (21. Nd3 $1 $16) 21... h5 (21... Qg5 $1 $14 22. Qxg5 Bd4+ 23. Kh1 hxg5) 22. Nd3 $16 Rfe8 23. Kh1 Qf6 24. Qf4 (24. Rfe1 $16) 24... h4 ({Black should play} 24... Qxf4 $14 25. Nxf4 Bd4) 25. Rfe1 (25. Qd2 $16) 25... Qxf4 $14 26. Nxf4 Bh6 27. g3 Kg7 28. Kg2 hxg3 29. hxg3 Bg5 30. Rc2 a5 31. Nh3 Bf6 32. f4 Bd4 ({Better is} 32... Bd7 $14) 33. Bxb5 (33. Ng5 {is more complex.} Bd7 34. Nf3 Bf6 35. e5 Be7 36. Nd2) 33... Rxb5 34. Rc4 Rbb8 (34... Ra8 $16 {was called for.}) 35. Ng5 $18 Ra8 36. Nf3 Bb2 37. Re2 Ba3 38. e5 Rad8 {and the idea ...dxe5 leaves Black hopeful.} 39. Rd2 Bb4 40. Rd3 Re7 41. Kf1 Ra7 42. a4 Rb7 43. exd6 (43. Ng5 $18) 43... Rxd6 {[#]} (43... Rbd7 $16) 44. Ne5 $1 Re7 45. Kf2 Ba3 (45... f6 $142) 46. Kf3 f5 (46... f6 $142) 47. Nc6 Red7 {Strongly threatening ...Rxc6!} 48. Nxa5 $2 (48. Ke2 $18) 48... Rxd5 $2 (48... Bb4 $1 $11) 49. Re3 $2 (49. Rxd5 $18 Rxd5 50. Ke2) 49... Rd3 (49... Rd2 $11 {remains equal.}) 50. Nc6 {White stays focused until the end.} Rxe3+ (50... Rd2 $16) 51. Kxe3 $16 {[%mdl 4096] Endgame KRB-KRN} Rd6 52. Ne5 Rb6 {[#]} (52... Kf6 $142 53. Ke2 g5) 53. Rc3 $2 (53. Kd3 $1 $18 {is the precise move to win.}) 53... Rb4 $2 {[%mdl 8192]} (53... Bb2 $16 54. Rd3 (54. Rxc5 Rxb3+ 55. Nd3 Ra3 $16) 54... Bxe5 55. fxe5 Kf7) 54. Nc4 $18 Rb7 55. Nxa3 {KRN-KR} Re7+ 56. Kf3 Re1 57. Rxc5 Ra1 58. Nc4 Rb1 59. a5 Rxb3+ 60. Kg2 Rb4 61. a6 {White mates.} Ra4 62. Ra5 Rxc4 {KR-KR} 63. a7 Rc8 64. a8=Q Rxa8 65. Rxa8 {KR-KPP} Kf6 66. Ra6+ Kf7 67. Kf3 Kg7 68. g4 fxg4+ 69. Kxg4 Kf7 70. Kg5 {Accuracy: White = 53%, Black = 35%.} 1-0

[Event "448. Wednesday (05.08.2020)"]
[Site "Official B"]
[Date "2020.08.05"]
[Round "2"]
[White "K_J"]
[Black "Alex29"]
[Result "0-1"]
[WhiteElo "1958"]
[BlackElo "1724"]
[Annotator "NA RC"]
[PlyCount "84"]
[EventDate "2020.08.05"]
[EventType "swiss (blitz)"]

1. e4 {[%emt 0:00:02]} e5 {[%emt 0:00:07]} 2. Nf3 {[%emt 0:00:02]} Nc6 {[%emt 0:00:06]} 3. Nc3 {[%emt 0:00:01]} Bc5 {[%emt 0:00:02]} 4. Nxe5 {[%emt 0:00:02]} Nxe5 {[%emt 0:00:02]} 5. d4 {[%emt 0:00:02]} Bb6 {[%emt 0:00:02]} 6. dxe5 {[%emt 0:00:03]} Ne7 {[%emt 0:00:01]} 7. f4 {[%emt 0:00:37]} O-O {[%emt 0:00:02]} 8. Bd3 {[%emt 0:00:06]} c6 {[%emt 0:00:03]} 9. Qe2 {[%emt 0:00:11]} d5 {[%emt 0:00:02]} 10. exd6 {[%emt 0:00:06]} Qxd6 {[%emt 0:00:01]} 11. Be3 {[%emt 0:00:06]} Bxe3 {[%emt 0:00:02]} 12. Qxe3 {[%emt 0:00:02]} Re8 {[%emt 0:00:02]} 13. O-O-O {[%emt 0:00:10]} Qb4 {[%emt 0:00:02]} 14. h3 {[%emt 0:00:13]} Qa5 {[%emt 0:00:10]} 15. Kb1 {[%emt 0:00:04]} Nd5 {[%emt 0:00:02]} 16. Nxd5 {[%emt 0:00:23]} cxd5 {[%emt 0:00:02]} 17. e5 {[%emt 0:00:16]} g6 {[%emt 0:00:08]} 18. Rhe1 {[%emt 0:00:11]} Be6 {[%emt 0:00:01]} 19. f5 {[%emt 0:00:02]} d4 {[%emt 0:00:02]} 20. Qh6 {[%emt 0:00:22]} Qxa2+ {[%emt 0:00:04]} 21. Kc1 {[%emt 0:00:01]} Qa1+ {[%emt 0:00:09]} 22. Kd2 {[%emt 0:00:01]} Qa5+ {[%emt 0:00:02]} 23. Kc1 {[%emt 0:00:13]} Qa1+ {[%emt 0:00:03]} 24. Kd2 {[%emt 0:00:02]} Qa5+ {[%emt 0:00:03]} 25. Ke2 {[%emt 0:00:18]} Bxf5 {[%emt 0:00:23]} 26. Kf2 {[%emt 0:00:21]} Bxd3 {[%emt 0:00:09]} 27. Rxd3 {[%emt 0:00:06]} Rxe5 {[%emt 0:00:01]} 28. Red1 {[%emt 0:00:05]} Rae8 {[%emt 0:00:05]} 29. R3d2 {[%emt 0:00:05]} Qb6 {[%emt 0:00:13]} 30. Rd3 {[%emt 0:00:05]} Qxb2 {[%emt 0:00:03]} 31. Kg1 {[%emt 0:00:05]} Qxc2 {[%emt 0:00:03]} 32. Rxd4 {[%emt 0:00:04]} Re1+ {[%emt 0:00:01]} 33. Rxe1 {[%emt 0:00:05]} Rxe1+ {[%emt 0:00:01]} 34. Kh2 {[%emt 0:00:01]} Qc7+ {[%emt 0:00:02]} 35. g3 {[%emt 0:00:11]} Qc2+ {[%emt 0:00:06]} 36. Rd2 {[%emt 0:00:03]} Re2+ {[%emt 0:00:02]} 37. Rxe2 {[%emt 0:00:02]} Qxe2+ {[%emt 0:00:01]} 38. Kg1 {[%emt 0:00:01]} Qe6 {[%emt 0:00:08]} 39. Kg2 {[%emt 0:00:02]} a5 {[%emt 0:00:03]} 40. Qd2 {[%emt 0:00:02]} b6 {[%emt 0:00:02]} 41. Qd8+ {[%emt 0:00:01]} Kg7 {[%emt 0:00:01]} 42. Qd4+ {[%emt 0:00:01]} f6 {[%emt 0:00:02] K_J gibt auf (Lag: Av=0.47s, max=1.1s)} 0-1

[Event "448. Wednesday (05.08.2020)"]
[Site "Official B"]
[Date "2020.08.05"]
[Round "2"]
[White "Chesstiger9"]
[Black "Verteidigung"]
[Result "1-0"]
[WhiteElo "1955"]
[BlackElo "1466"]
[Annotator "TA"]
[PlyCount "71"]
[EventDate "2020.08.05"]
[EventType "swiss (blitz)"]

{[%evp 11,71,26,74,79,70,70,73,63,420,121,114,113,121,112,122,106,239,243,239,247,241,235,258,248,289,277,306,294,777,177,171,181,189,181,189,188,201,190,201,199,320,218,185,182,255,249,323,323,656,660,646,646,632,619,29986,29987,29995,530,29995,29996,29996,29997]} 1. d4 Nf6 2. Nf3 g6 3. Bg5 Bg7 4. Nc3 d6 5. e4 O-O 6. Qd2 c5 7. dxc5 {B08: Pirc Defence: Classical System.} dxc5 8. Qxd8 Rxd8 9. e5 {White is better.} Nd5 $2 {[%mdl 8192] [#]} (9... Ng4 $1 $14) 10. Nxd5 $146 (10. O-O-O $18) ({Predecessor:} 10. O-O-O Be6 11. Bc4 f6 12. exf6 exf6 13. Be3 f5 14. Bxd5 Bxd5 15. Nxd5 Nc6 16. Nc7 {1-0 (46) Bennemann,I (2008)-Zhou,L (1647) Playchess.com INT 2020}) 10... Rxd5 $16 11. Bc4 ({But not} 11. Bxe7 $6 Nc6 $11) 11... Rd8 12. Bxe7 Re8 13. Bd6 Bg4 (13... Nc6 $16) 14. Ng5 $18 Be6 15. Nxe6 fxe6 16. f4 Bh6 17. O-O ({Don't play} 17. Bxc5 $6 Bxf4 18. g3 Nd7 $16) 17... Kh8 18. Bb5 Rd8 19. Rad1 Nd7 $2 (19... Nc6 20. Bc4 (20. Bxc5 Rxd1 21. Rxd1 Bxf4 $18) 20... Nd4 21. Bxc5 Rdc8 22. Rxd4 Rxc5) 20. Bxd7 $2 (20. Be7) 20... Rxd7 21. g3 b6 22. Rf2 Rad8 23. Rfd2 Bf8 24. c4 Kg8 25. Kf2 Bxd6 (25... Kf7 $142 26. Ke3 Bg7) 26. exd6 {[%mdl 4096] Endgame KRR-KRR} Kf7 27. Ke3 Kf6 (27... Rf8 {keeps fighting.} 28. Ke4 Kf6) 28. Ke4 a6 29. g4 g5 $2 (29... h5 30. g5+ Kf7) 30. fxg5+ Kxg5 31. Ke5 Re8 32. Rf2 Kxg4 33. Rg1+ Kh3 34. Rf6 (34. Rg3+ $142 Kh4 35. Rf6 Kh5 36. Kf4 e5+ 37. Kf5 Rh8 38. Rh3#) 34... Kxh2 35. Rg5 {[%cal Rf6h6]} h5 {[#]} 36. Rh6 $1 {[%mdl 512] Accuracy: White = 71%, Black = 33%.} 1-0

[Event "448. Wednesday (05.08.2020)"]
[Site "Official B"]
[Date "2020.08.05"]
[Round "2"]
[White "Oliverfab"]
[Black "Gaurav306"]
[Result "1/2-1/2"]
[WhiteElo "1903"]
[BlackElo "1950"]
[Annotator "NA RC"]
[PlyCount "82"]
[EventDate "2020.08.05"]
[EventType "swiss (blitz)"]
[WhiteTeam "SV Laatzen"]

{Fábregas, Oliver (1915)} 1. Nf3 {[%emt 0:00:02]} d5 {[%emt 0:00:03]} 2. g3 {[%emt 0:00:02]} e6 {[%emt 0:00:03]} 3. Bg2 {[%emt 0:00:02]} Nf6 {[%emt 0:00:01]} 4. b3 {[%emt 0:00:02]} Be7 {[%emt 0:00:02]} 5. Bb2 {[%emt 0:00:01]} O-O {[%emt 0:00:01]} 6. d3 {[%emt 0:00:01]} c5 {[%emt 0:00:05]} 7. Nbd2 {[%emt 0:00:01]} b6 {[%emt 0:00:05]} 8. O-O {[%emt 0:00:03]} Bb7 {[%emt 0:00:01]} 9. Re1 {[%emt 0:00:01]} d4 {[%emt 0:00:16]} 10. a4 {[%emt 0:00:03]} Nc6 {[%emt 0:00:08]} 11. e4 {[%emt 0:00:09]} e5 {[%emt 0:00:04]} 12. Nc4 {[%emt 0:00:03]} Qc7 {[%emt 0:00:12]} 13. Bc1 {[%emt 0:00:01]} a6 {[%emt 0:00:03]} 14. Bg5 {[%emt 0:00:03]} b5 {[%emt 0:00:01]} 15. Bxf6 {[%emt 0:00:02]} Bxf6 {[%emt 0:00:06]} 16. Nb2 {[%emt 0:00:10]} g6 {[%emt 0:00:10]} 17. h4 {[%emt 0:00:07]} Bg7 {[%emt 0:00:04]} 18. Nh2 {[%emt 0:00:02]} Rac8 {[%emt 0:00:07]} 19. axb5 {[%emt 0:00:03]} axb5 {[%emt 0:00:01]} 20. h5 {[%emt 0:00:04]} Ne7 {[%emt 0:00:21]} 21. Qg4 {[%emt 0:00:23]} Ra8 {[%emt 0:00:20]} 22. f4 {[%emt 0:00:16]} f5 {[%emt 0:00:16]} 23. exf5 {[%emt 0:00:08]} gxf5 {[%emt 0:00:07]} 24. Qg5 {[%emt 0:00:10]} Bxg2 {[%emt 0:00:01]} 25. h6 {[%emt 0:00:07]} Ng6 {[%emt 0:00:25]} 26. hxg7 {[%emt 0:00:05]} Qxg7 {[%emt 0:00:06]} 27. Kxg2 {[%emt 0:00:02]} Qb7+ {[%emt 0:00:02]} 28. Kf2 {[%emt 0:00:04]} e4 {[%emt 0:00:01]} 29. dxe4 {[%emt 0:00:17]} fxe4 {[%emt 0:00:01]} 30. Ng4 {[%emt 0:00:02]} e3+ {[%emt 0:00:08]} 31. Kg1 {[%emt 0:00:03]} Rxa1 {[%emt 0:00:12]} 32. Rxa1 {[%emt 0:00:02]} Qf3 {[%emt 0:00:01]} 33. Kh2 {[%emt 0:00:34]} e2 {[%emt 0:00:21]} 34. Nd3 {[%emt 0:00:03]} Qf1 {[%emt 0:00:06]} 35. Ra7 {[%emt 0:00:36]} e1=Q {[%emt 0:00:47]} 36. Nxe1 {[%emt 0:00:02]} Qxe1 {[%emt 0:00:01]} 37. f5 {[%emt 0:00:30]} Qe2+ {[%emt 0:00:02]} 38. Kh3 {[%emt 0:00:04]} Qf1+ {[%emt 0:00:01]} 39. Kh2 {[%emt 0:00:01]} Qe2+ {[%emt 0:00:01]} 40. Kg1 {[%emt 0:00:03]} Qe1+ {[%emt 0:00:01]} 41. Kh2 {[%emt 0:00:01]} Qe2+ {[%emt 0:00:01] (Lag: Av=0.48s, max=0.8s)} 1/2-1/2

[Event "448. Wednesday (05.08.2020)"]
[Site "Official B"]
[Date "2020.08.05"]
[Round "2"]
[White "Cucufato"]
[Black "Sedarpl"]
[Result "1-0"]
[WhiteElo "1882"]
[BlackElo "2196"]
[Annotator "TA"]
[PlyCount "36"]
[EventDate "2020.08.05"]
[EventType "swiss (blitz)"]

{[%evp 9,36,43,65,70,92,85,157,76,157,60,76,68,54,25,15,25,10,11,125,99,117,114,91,70,502,507,486,485,525]} 1. Nf3 g6 2. d4 f5 3. c4 Bg7 4. g3 b6 5. Bg2 {[#]} c6 $146 ({Predecessor:} 5... Bb7 6. O-O Nf6 7. a4 a5 8. Nc3 Na6 9. Bf4 O-O 10. Qb3 e6 11. Nb5 Rb8 {0-1 (37) Argandona Riveiro,I (2453)-Vallejo Pons,F (2716) Monzon 2016}) 6. O-O {A84: Dutch Defence: 2 c4 Miscellaneous.} Bb7 7. Nc3 e6 (7... Nf6 $142) 8. d5 (8. e4 $142) 8... cxd5 (8... Bxc3 $142 9. bxc3 cxd5) 9. cxd5 (9. Nb5 $1 $16) 9... Bxc3 $1 $14 10. bxc3 {[%cal Bb2c3,Bc3c4][%mdl 32] aiming for dxe6.} Bxd5 11. Nd4 {Threatening Bxd5.} Bxg2 12. Kxg2 Nc6 13. Nb5 d5 {[#]} (13... Nf6 $11 {remains equal.}) 14. Ba3 $1 $16 {[%mdl 1024] White has strong compensation.} Kf7 {[#]} 15. c4 $1 {[%mdl 512] Nd6+ is the strong threat.} d4 (15... dxc4 16. Qa4) 16. Qa4 {And now Nd6+ would win.} Nf6 $2 {[%mdl 8192]} (16... Kg7 $14) 17. Nd6+ $18 {[%mdl 64] Discovered Attack} Kg7 18. Qxc6 e5 {Accuracy: White = 62%, Black = 38%.} 1-0

[Event "448. Wednesday (05.08.2020)"]
[Site "Official B"]
[Date "2020.08.05"]
[Round "2"]
[White "Dukic"]
[Black "Halligalli1601"]
[Result "1-0"]
[WhiteElo "1877"]
[BlackElo "1810"]
[Annotator "NA RC"]
[PlyCount "27"]
[EventDate "2020.08.05"]
[EventType "swiss (blitz)"]

1. d4 {[%emt 0:00:05]} Nf6 {[%emt 0:00:02]} 2. c4 {[%emt 0:00:01]} c6 {[%emt 0:00:01]} 3. Nc3 {[%emt 0:00:03]} d5 {[%emt 0:00:01]} 4. cxd5 {[%emt 0:00:02]} cxd5 {[%emt 0:00:02]} 5. Nf3 {[%emt 0:00:00]} Nc6 {[%emt 0:00:01]} 6. Bf4 {[%emt 0:00:01]} Bf5 {[%emt 0:00:01]} 7. Qb3 {[%emt 0:00:06]} Na5 {[%emt 0:00:02]} 8. Qa4+ {[%emt 0:00:04]} Bd7 {[%emt 0:00:01]} 9. Qc2 {[%emt 0:00:01]} Rc8 {[%emt 0:00:02]} 10. Ne5 {[%emt 0:00:03]} b5 {[%emt 0:00:05]} 11. a3 {[%emt 0:00:06]} g6 {[%emt 0:00:13]} 12. e3 {[%emt 0:00:02]} Bf5 {[%emt 0:00:02]} 13. Bxb5+ {[%emt 0:00:03]} Nd7 {[%emt 0:00:04]} 14. Qa4 {[%emt 0:00:06] Halligalli1601 gibt auf (Lag: Av=0.34s, max=0.5s)} 1-0